Mastering Mathcad version 7
Saved in:
| Main Author: | |
|---|---|
| Other Authors: | |
| Format: | Book |
| Language: | English |
| Published: |
New York :
McGraw-Hill,
c1998
|
| Subjects: | |
| Tags: |
Add Tag
No Tags, Be the first to tag this record!
|
MARC
| LEADER | 00000nam a2200000 i 4500 | ||
|---|---|---|---|
| 001 | 1/15394 | ||
| 008 | 010117s1998 eng d | ||
| 020 | |a 0-07-913136-0 | ||
| 035 | |l 10065390 | ||
| 040 | |a GR-MY-UA |b gre |e aacr | ||
| 041 | 0 | |a eng | |
| 082 | 0 | |a 510.2855369 | |
| 100 | 1 | |a Keller, Howard |d 1941- | |
| 245 | 1 | 0 | |a Mastering Mathcad version 7 / |c Howard Keller, John G. Crandall |
| 260 | |a New York : |b McGraw-Hill, |c c1998 | ||
| 300 | |a xxi, 329 p.; |b ill.; |c 23 cm.+ |e 1 computer laser optical disc (4 3/4 in.) | ||
| 504 | |a Includes index | ||
| 630 | 0 | 0 | |a MathCAD. |
| 650 | 0 | 0 | |a Mathematics |x Data processing. |
| 700 | 1 | |a Crandall, John G. |q (John Gaylord) | |
| 852 | |a INST |b SAMOS |e 20010117 |h 510.2855369 KEL |p 005300022380 |q 005300022380 |t BK |y 0 | ||
| 852 | |a INST |b SAMOS |e 20010117 |h 510.2855369 KEL |p 005300022357 |q 005300022357 |t BK |y 0 | ||
| 901 | |a BIBL3-2001-1 | ||
| 909 | |a Σ |b 081548 | ||
| 909 | |a Σ |b 081549 | ||
| 922 | |a 3ΕΛΗ |b 200006 |c ΕΠΕΑΕΚ/ΜΑΘ |d ΚΩΣΤΑΡΑΚΗΣ | ||
| 970 | |a ΚΟΣΙΕΡΗΣ |b ΧΡΗΣΤΟΣ |z 2001/01/17 | ||